| 000 | 00914nam a2200205Ia 4500 | ||
|---|---|---|---|
| 003 | OSt | ||
| 005 | 20250714125152.0 | ||
| 008 | 210210b2003 xxu||||| |||| 00| 0 eng d | ||
| 040 | _cAL | ||
| 041 | _aKannada | ||
| 082 | _aK894.8 SAMA | ||
| 100 |
_aSAMAGRA DASA SAHITYA. _9151118 _dಸಮಗ್ರ ದಾಸ ಸಾಹಿತ್ಯ |
||
| 245 |
_aSamagra dasa sahitya: samputa; 18, bhaga 4, Nanjanagudu tirumalamba mattu ithara mahila haridasara kirtanegalu. _bಸಮಗ್ರ ದಾಸ ಸಾಹಿತ್ಯ : ಸಂಪುಟ ೧೮: ಭಾಗ ೪, ನಂಜನಗೂಡು ತಿರುಮಲಾಂಬ ಮತ್ತು ಇತರ ಮಹಿಳಾ ಹರಿದಾಸರ ಕೀರ್ತನೆಗಳು |
||
| 260 |
_aBengaluru _bKannada mattu Samskrati Nirdeshanalalya _c2003 |
||
| 300 | _a118,760 | ||
| 650 |
_aDasasahitya _9151119 |
||
| 690 |
_aKannada Miscellaneous _9151120 |
||
| 906 | _a059392 | ||
| 942 |
_2ddc _cBK |
||
| 999 |
_c106530 _d106530 |
||